[Event "29. Friedensfest-Open (AFRO-A)"]
[Site "Augsburg"]
[Date "2024.08.08"]
[Round "1.1"]
[White "Luhn, Robert"]
[Black "Poetsch, Hagen"]
[Result "0-1"]
[WhiteElo "1996"]
[BlackElo "2453"]
[EventDate "2024.08.08"]
[Time "09:30:00"]
[WhiteNrv "1996"]
[BlackNrv "2453"]
[WhiteTwz "1996"]
[BlackTwz "2453"]
[BlackTitle "GM"]
[WhiteFideId "4683498"]
[BlackFideId "24615137"]
[WhiteNatFedId "10133213"]
[BlackNatFedId "10165992"]
[WhiteAttr "M"]
[BlackAttr "M"]
[WhiteTeam "SK Caissa Augsburg"]
[BlackTeam "SC Heusenstamm"]
[PlyCount "0"]

1.d4 Nf6 2.Nf3 b6 3.c4 Bb7 4.Nc3 e6 5.Bg5 Bb4 6.e3 h6 7.Bh4 g5 8.Bg3 Ne4 
9.Qc2 d6 10.Bd3 Bxc3+ 11.bxc3 f5 12.O-O h5 13.d5 h4 14.Bxe4 fxe4 15.Qxe4 
Qf6 16.Nd4 e5 17.f4 hxg3 18.fxe5 Qxe5 19.Qg6+ Kd8 20.e4 Nd7 21.Rf5 gxh2+ 
22.Kh1 Qe7 23.Ne6+ Kc8 24.Raf1 Ne5 25.Rxe5 dxe5 26.c5 g4 27.g3 Ba6 28.Rf7 
Be2 29.Qf5 Qxf7 0-1

[Event "29. Friedensfest-Open (AFRO-A)"]
[Site "Augsburg"]
[Date "2024.08.08"]
[Round "1.2"]
[White "Vuckovic, Zarko"]
[Black "Koppen, Harald"]
[Result "1-0"]
[WhiteElo "2353"]
[BlackElo "1995"]
[EventDate "2024.08.08"]
[Time "09:30:00"]
[WhiteNrv "2353"]
[BlackNrv "1995"]
[WhiteTwz "2353"]
[BlackTwz "1995"]
[WhiteFideId "12952087"]
[BlackFideId "12946982"]
[WhiteNatFedId "10284643"]
[BlackNatFedId "10271200"]
[WhiteAttr "M"]
[BlackAttr "M"]
[WhiteTeam "SF Augsburg"]
[BlackTeam "TUS Holzkirchen"]
[PlyCount "0"]

1.e4 e5 2.Nf3 Nc6 3.Bc4 Bc5 4.O-O Nf6 5.d3 a6 6.c3 Ba7 7.Re1 d6 8.a4 O-O 
9.h3 h6 10.Nbd2 Be6 11.Bxe6 fxe6 12.Nf1 Nh5 13.Be3 Nf4 14.Bxa7 Rxa7 15.Re3
Ra8 16.Kh2 Qe8 17.g3 Nh5 18.b4 Rf6 19.Ra2 Qf7 20.Kg2 Rf8 21.N1h2 Qe8 22.
Ng4 R6f7 23.Qb3 Nf6 24.Ngh2 b5 25.axb5 axb5 26.Rae2 Qd7 27.Rd2 Qe7 28.Nh4 
Kh7 29.Qb1 Nd7 30.Qd1 Nf6 31.Ra2 Qd7 32.Ng4 d5 33.Nxf6+ Rxf6 34.Qh5 d4 35.
cxd4 exd4 36.Rf3 Nxb4 37.Rd2 g5 38.Rxf6 Rxf6 39.Nf3 Kg7 40.h4 gxh4 41.Nxh4
Qc6 42.Qe2 Qb7 43.Kh2 e5 44.Qg4+ Kh8 45.Ng6+ Kh7 46.Nxe5 c5 47.Nd7 Rc6 48.
Qf5+ Kg7 49.e5 Nxd3 50.Rxd3 c4 51.Rf3 c3 52.Qf8+ Kh7 53.Rf7+ Kg6 54.Qg7+ 
Kh5 55.Rf5# 1-0

[Event "29. Friedensfest-Open (AFRO-A)"]
[Site "Augsburg"]
[Date "2024.08.08"]
[Round "1.3"]
[White "Brand, Leonhard"]
[Black "Alvir, Aco"]
[Result "1/2-1/2"]
[WhiteElo "1981"]
[BlackElo "2290"]
[EventDate "2024.08.08"]
[Time "09:30:00"]
[WhiteNrv "1981"]
[BlackNrv "2290"]
[WhiteTwz "1981"]
[BlackTwz "2290"]
[BlackTitle "IM"]
[WhiteFideId "34649646"]
[BlackFideId "14400367"]
[WhiteNatFedId "10655780"]
[BlackNatFedId "10496782"]
[WhiteAttr "M"]
[BlackAttr "M"]
[WhiteTeam "SK Freising"]
[BlackTeam "Muenchener SC 1836 e.V."]
[PlyCount "0"]

1.e4 g6 2.d4 Bg7 3.Nc3 c5 4.d5 d6 5.Bb5+ Nd7 6.Bd2 Nf6 7.a4 O-O 8.Bxd7 
Bxd7 9.Nge2 b6 10.Qc1 a6 11.Bh6 b5 12.Bxg7 Kxg7 13.f3 Qc7 14.O-O Rfb8 15.
Kh1 bxa4 16.Nxa4 Rb4 17.Nac3 a5 18.Nf4 Qb8 19.Nd3 Rb7 20.b3 a4 21.bxa4 c4 
22.Nf4 Qe8 23.Qa3 Bxa4 24.Nxa4 Rba7 25.Qc3 Rxa4 26.Ne2 Qb5 27.g4 h6 28.
Rfb1 Qc5 29.Rxa4 Rxa4 30.Kg2 Qa7 31.h4 Kh7 32.Qd4 Qxd4 33.Nxd4 Kg7 34.Rb7 
c3 35.Nb5 Rb4 36.Nxd6 Rb2 37.Rxe7 Rxc2+ 38.Kg3 Rb2 39.Rxf7+ Kg8 40.Rc7 c2 
41.Rc3 Kf8 42.Nc4 Nxe4+ 43.fxe4 Rb3 44.Rxb3 c1=Q 45.Rb8+ Kg7 46.Rb7+ Kf8 
47.Rb8+ Kg7 48.Rb7+ Kf8 1/2-1/2

[Event "29. Friedensfest-Open (AFRO-A)"]
[Site "Augsburg"]
[Date "2024.08.08"]
[Round "1.4"]
[White "Gibicar, Danijel"]
[Black "Weil, Volker"]
[Result "1-0"]
[WhiteElo "2269"]
[BlackElo "1977"]
[EventDate "2024.08.08"]
[Time "09:30:00"]
[WhiteNrv "2269"]
[BlackNrv "1977"]
[WhiteTwz "2269"]
[BlackTwz "1977"]
[WhiteTitle "FM"]
[WhiteFideId "24660256"]
[BlackFideId "4612949"]
[WhiteNatFedId "10060994"]
[BlackNatFedId "10237275"]
[WhiteAttr "M"]
[BlackAttr "*"]
[WhiteTeam "SC Eppingen"]
[BlackTeam "SV Lahn Limburg"]
[PlyCount "0"]

1.e4 d6 2.d4 Nf6 3.Nc3 e5 4.Nf3 exd4 5.Nxd4 Be7 6.Bf4 O-O 7.Qd2 c6 8.O-O-O
d5 9.exd5 Nxd5 10.Nxd5 Qxd5 11.c4 Qd8 12.Qc2 Qa5 13.Bd3 h6 14.Rhe1 Bg5 15.
Bxg5 Qxg5+ 16.Kb1 Na6 17.Qc3 Qf6 18.Re3 Bg4 19.f3 Bd7 20.Ne2 Qxc3 21.Nxc3 
Be6 22.a3 Nc5 23.Bf1 a5 24.Re5 Nb3 25.Kc2 a4 26.Nxa4 Na5 27.Nb6 Ra6 28.b4 
Nb3 29.Kxb3 Rxb6 30.Rxe6 fxe6 31.c5 Ra6 32.Bxa6 bxa6 33.Rd6 1-0

[Event "29. Friedensfest-Open (AFRO-A)"]
[Site "Augsburg"]
[Date "2024.08.08"]
[Round "1.5"]
[White "Li, Yunqi"]
[Black "Wolf, Armin"]
[Result "1-0"]
[WhiteElo "1975"]
[BlackElo "2216"]
[EventDate "2024.08.08"]
[Time "09:30:00"]
[WhiteNrv "1975"]
[BlackNrv "2216"]
[WhiteTwz "1975"]
[BlackTwz "2216"]
[BlackTitle "FM"]
[WhiteFideId "34610618"]
[BlackFideId "4685954"]
[WhiteNatFedId "10754717"]
[BlackNatFedId "10245952"]
[WhiteAttr "M"]
[BlackAttr "M"]
[WhiteTeam "SF 59 Kornwestheim"]
[BlackTeam "SAbt TSV Haunstetten"]
[PlyCount "0"]

1.d4 g6 2.c4 Bg7 3.Nc3 d6 4.e4 e5 5.Nf3 Nc6 6.d5 Nd4 7.Be3 Bg4 8.Be2 Bxf3 
9.Bxf3 c5 10.dxc6 bxc6 11.Rb1 Ne7 12.O-O O-O 13.Be2 f5 14.f3 Kh8 15.b4 Qd7
16.a4 f4 17.Bf2 Bf6 18.Qd2 g5 19.Bd1 Rg8 20.h3 h5 21.a5 a6 22.Na4 Rad8 23.
Re1 Rg7 24.Bxd4 exd4 25.c5 Ng6 26.Be2 Ne5 27.Kf1 d3 28.Bd1 g4 29.hxg4 hxg4
30.Qxf4 Bh4 31.Nb6 Qe7 32.cxd6 Qxd6 33.Qh2 Rh7 34.g3 Nxf3 35.Bxf3 Bxg3 36.
Qb2+ Kg8 37.e5 Rf8 38.Qb3+ Kh8 39.exd6 gxf3 40.Qc3+ Kg8 41.Qc4+ 1-0

[Event "29. Friedensfest-Open (AFRO-A)"]
[Site "Augsburg"]
[Date "2024.08.08"]
[Round "1.6"]
[White "Ovsepyan, Arshak"]
[Black "Yin, Stanley"]
[Result "1-0"]
[WhiteElo "2208"]
[BlackElo "1975"]
[EventDate "2024.08.08"]
[Time "09:30:00"]
[WhiteNrv "2208"]
[BlackNrv "1975"]
[WhiteTwz "2208"]
[BlackTwz "1975"]
[WhiteFideId "24690236"]
[BlackFideId "24622729"]
[WhiteNatFedId "10262433"]
[BlackNatFedId "10248263"]
[WhiteAttr "M"]
[BlackAttr "M"]
[WhiteTeam "SK Graefelfing"]
[BlackTeam "SC Thallichtenberg"]
[PlyCount "0"]

1.c4 g5 2.g3 Bg7 3.Bg2 h6 4.Nc3 c6 5.e4 d6 6.Nge2 Be6 7.d3 Qd7 8.O-O Bh3 
9.f4 Bxg2 10.Kxg2 g4 11.f5 c5 12.Nf4 Nf6 13.Ncd5 h5 14.Rb1 Nc6 15.b4 cxb4 
16.Nxb4 Nd4 17.Bb2 Nf3 18.h4 e5 19.Nfd5 O-O 20.Bc1 Nxd5 21.Nxd5 f6 22.Rf2 
Rac8 23.Be3 b6 24.a4 Kh7 25.Rfb2 Rf7 26.a5 bxa5 27.Ra2 a4 28.Rxa4 Ne1+ 29.
Kf1 Nf3 30.Rxa7 Qxa7 31.Bxa7 Rxa7 32.Ra1 Rb7 33.Nc3 Rcb8 34.Nb5 Bh6 35.Qa4
Be3 36.Qa6 Ra7 37.Qxa7+ Bxa7 38.Rxa7+ Kg8 39.Ra6 Nd4 40.Rxd6 Nxb5 41.cxb5 
Rxb5 42.Rxf6 Rb1+ 43.Kf2 Rb2+ 44.Ke1 Rg2 45.Rh6 Rxg3 46.Rxh5 Rxd3 47.Rg5+ 
Kf7 48.Rxg4 Ra3 49.Ke2 Ra2+ 50.Kd3 Ra3+ 51.Kc4 Rf3 52.Kd5 1-0

[Event "29. Friedensfest-Open (AFRO-A)"]
[Site "Augsburg"]
[Date "2024.08.08"]
[Round "1.7"]
[White "Longo, Massimo"]
[Black "Bilchinski, Anton"]
[Result "1-0"]
[WhiteElo "1972"]
[BlackElo "2204"]
[EventDate "2024.08.08"]
[Time "09:30:00"]
[WhiteNrv "1972"]
[BlackNrv "2204"]
[WhiteTwz "1972"]
[BlackTwz "2204"]
[BlackTitle "FM"]
[WhiteFideId "16205227"]
[BlackFideId "24615765"]
[WhiteNatFedId "10270052"]
[BlackNatFedId "10254221"]
[WhiteAttr "M"]
[BlackAttr "M"]
[WhiteTeam "SK Graefelfing"]
[BlackTeam "SC Eppingen"]
[PlyCount "0"]

1.d4 Nf6 2.Nf3 e6 3.Bg5 c5 4.e3 Qb6 5.Qc1 Ne4 6.Bf4 Nc6 7.Bd3 d5 8.O-O 
cxd4 9.Bxe4 dxe4 10.Nxd4 Nxd4 11.exd4 Qxd4 12.Rd1 Qb6 13.Nc3 f5 14.Be5 h6 
15.Qf4 g5 16.Qd2 Rh7 17.Na4 Rd7 18.Nxb6 Rxd2 19.Nxa8 1-0

[Event "29. Friedensfest-Open (AFRO-A)"]
[Site "Augsburg"]
[Date "2024.08.08"]
[Round "1.8"]
[White "Reis, Thomas"]
[Black "Langner, Robin"]
[Result "1/2-1/2"]
[WhiteElo "2195"]
[BlackElo "1968"]
[EventDate "2024.08.08"]
[Time "09:30:00"]
[WhiteNrv "2195"]
[BlackNrv "1968"]
[WhiteTwz "2195"]
[BlackTwz "1968"]
[WhiteFideId "4678699"]
[BlackFideId "34606190"]
[WhiteNatFedId "10174084"]
[BlackNatFedId "10724137"]
[WhiteAttr "M"]
[BlackAttr "M"]
[WhiteTeam "SK Kriegshaber"]
[BlackTeam "SK Freiburg-Zaehringen 1887 e.V."]
[PlyCount "0"]

1.d4 Nf6 2.Nf3 g6 3.c4 Bg7 4.e3 O-O 5.Be2 c5 6.d5 e6 7.Nc3 exd5 8.cxd5 d6 
9.O-O Re8 10.Nd2 Bd7 11.a4 Na6 12.Nc4 Qc7 13.f3 h6 14.e4 Re7 15.Bf4 Ne8 
16.Nb5 Bxb5 17.axb5 Nb4 18.b6 Qb8 19.Rxa7 Rxa7 20.bxa7 Qxa7 21.Qd2 Bd4+ 
22.Kh1 Qb8 23.Bxh6 b5 24.Na3 Nc7 25.Bf4 Qb6 26.Bg3 Kg7 27.h4 Re8 28.Bf2 
Bxf2 29.Rxf2 c4 30.Bf1 Qc5 31.g3 Ra8 32.Qc3+ f6 33.Rh2 Nbxd5 34.exd5 b4 
35.Qxc4 bxa3 36.bxa3 Nxd5 37.Qb3 Rxa3 38.Qb7+ Nc7 39.Re2 d5 40.Bg2 Ra7 41.
Qc8 Qd6 42.f4 Ra8 43.Qb7 Rd8 44.Rc2 Rd7 45.Rc6 Qe7 46.Bh3 Qe1+ 47.Kh2 Qe2+
48.Bg2 Qe7 49.Bh3 Qe2+ 50.Bg2 Qe7 51.Bh3 1/2-1/2

[Event "29. Friedensfest-Open (AFRO-A)"]
[Site "Augsburg"]
[Date "2024.08.08"]
[Round "1.9"]
[White "Struck, Christian"]
[Black "Zill, Christoph"]
[Result "1-0"]
[WhiteElo "1965"]
[BlackElo "2140"]
[EventDate "2024.08.08"]
[Time "09:30:00"]
[WhiteNrv "1965"]
[BlackNrv "2140"]
[WhiteTwz "1965"]
[BlackTwz "2140"]
[BlackTitle "FM"]
[WhiteFideId "16269497"]
[BlackFideId "4688856"]
[WhiteNatFedId "10218366"]
[BlackNatFedId "10250521"]
[WhiteAttr "M"]
[BlackAttr "M"]
[WhiteTeam "SF Augsburg"]
[BlackTeam "SK Freising"]
[PlyCount "0"]

1.e4 e6 2.Nf3 d5 3.exd5 exd5 4.d4 Nc6 5.Bb5 Bd6 6.c4 dxc4 7.d5 a6 8.Ba4 b5
9.dxc6 bxa4 10.Qxa4 Ne7 11.Qxc4 Be6 12.Qc3 O-O 13.O-O Bd5 14.Bg5 f6 15.Bh4
Bxc6 16.Bg3 Bxg3 17.hxg3 Qd6 18.Rc1 Rfd8 19.Nbd2 Rab8 20.Nb3 Rb6 21.Na5 
Bxf3 22.Nc4 Rc6 23.Nxd6 Rxc3 24.Rxc3 Bxg2 25.Nf7 Kxf7 26.Kxg2 Nd5 27.Rc6 
Rd6 28.Rac1 Ke6 29.Rxd6+ Kxd6 30.Rh1 h6 31.Kf3 f5 32.Re1 Ne7 33.Rd1+ Nd5 
34.Rd3 c6 35.Ra3 Nc7 36.Kf4 g6 37.Kf3 c5 38.g4 fxg4+ 39.Kxg4 Ke5 40.Re3+ 
1-0

[Event "29. Friedensfest-Open (AFRO-A)"]
[Site "Augsburg"]
[Date "2024.08.08"]
[Round "1.10"]
[White "Seyb, Dieter"]
[Black "Glaab, Nikolai"]
[Result "1-0"]
[WhiteElo "2138"]
[BlackElo "1959"]
[EventDate "2024.08.08"]
[Time "09:30:00"]
[WhiteNrv "2138"]
[BlackNrv "1959"]
[WhiteTwz "2138"]
[BlackTwz "1959"]
[WhiteTitle "FM"]
[WhiteFideId "4603346"]
[BlackFideId "34614311"]
[WhiteNatFedId "10207061"]
[BlackNatFedId "10743024"]
[WhiteAttr "M"]
[BlackAttr "M"]
[WhiteTeam "FSV Grossenseebach"]
[BlackTeam "SK Koenigsbrunn"]
[PlyCount "0"]

1.e4 e6 2.d4 d5 3.Nc3 Bb4 4.Ne2 dxe4 5.a3 Bxc3+ 6.Nxc3 Nc6 7.d5 exd5 8.
Qxd5 Be6 9.Qxe4 Qd4 10.Bd3 Nf6 11.Qxd4 Nxd4 12.Bg5 Nd7 13.O-O-O f6 14.Rhe1
fxg5 15.Bc4 O-O-O 16.Bxe6 Nxe6 17.Rxe6 Rhe8 18.Rde1 Rxe6 19.Rxe6 Nf6 20.f3
Kd7 21.Re5 h6 22.Kd2 a6 23.Ne4 Nxe4+ 24.Rxe4 Rf8 25.Ke3 Rf7 26.a4 a5 27.c3
b6 28.Kd4 Kd6 29.b3 Rf5 30.Re8 Rf4+ 31.Ke3 Kd7 32.Rg8 Rf7 33.Kd4 Kd6 34.
Ke4 Rf4+ 35.Ke3 Rf7 36.Kd3 Kd7 37.b4 axb4 38.cxb4 Kc6 39.h3 h5 40.Kc3 h4 
41.Rd8 Re7 42.Rd4 Rf7 43.Kc4 Rf5 44.b5+ Kb7 45.Rd5 Rf4+ 46.Kb3 g4 47.fxg4 
Rf2 48.Rh5 g5 49.Rxg5 Rxg2 50.Rh5 Rg3+ 51.Kc4 Rxh3 52.Kd5 Rh1 53.Ke6 h3 
54.Kf5 h2 55.Kg5 Kc8 56.Rh3 Kd7 57.Kh5 Ke7 58.g5 Kf7 59.Kh6 Kg8 60.Kg6 Kf8
61.Rf3+ Kg8 62.Rf2 Ra1 63.Rd2 Kf8 64.Rxh2 Rxa4 65.Kh7 Rg4 66.g6 1-0

[Event "29. Friedensfest-Open (AFRO-A)"]
[Site "Augsburg"]
[Date "2024.08.08"]
[Round "1.11"]
[White "Eichschmied, Patrick"]
[Black "Hahn, Christoph"]
[Result "1/2-1/2"]
[WhiteElo "1956"]
[BlackElo "2135"]
[EventDate "2024.08.08"]
[Time "09:30:00"]
[WhiteNrv "1956"]
[BlackNrv "2135"]
[WhiteTwz "1956"]
[BlackTwz "2135"]
[WhiteFideId "24683663"]
[BlackFideId "24609854"]
[WhiteNatFedId "10043123"]
[BlackNatFedId "10072242"]
[WhiteAttr "M"]
[BlackAttr "M"]
[WhiteTeam "MTV Ingolstadt"]
[BlackTeam "SK Kriegshaber"]
[PlyCount "0"]

1.e4 c5 2.Nf3 e6 3.g3 b6 4.Bg2 Bb7 5.Qe2 d6 6.O-O Nf6 7.d3 Be7 8.c3 Qc7 9.
Nbd2 Nbd7 10.Re1 O-O 11.d4 Rfe8 12.e5 Nd5 13.exd6 Bxd6 14.Ne4 Bf8 15.c4 
cxd4 16.Nxd4 a6 17.Bd2 N5f6 18.b3 Rad8 19.Nxf6+ Nxf6 20.Nf3 Ne4 21.Bf4 Bd6
22.Bxd6 Rxd6 23.Qc2 f5 24.Rad1 Red8 25.h4 Qc5 26.Rxd6 Rxd6 27.Kf1 h6 28.h5
Rd2 29.Qxd2 Nxd2+ 30.Nxd2 Bxg2+ 31.Kxg2 e5 32.Nf3 e4 33.Nh4 f4 34.Rxe4 
fxg3 35.fxg3 Qxh5 36.Nf3 Qf5 37.Re2 g5 38.Rf2 Qe4 39.Kh2 Qe3 40.Kg2 h5 41.
Rf1 h4 42.gxh4 g4 43.Ng1 Kg7 44.Rf2 Kg6 45.Re2 Qd4 46.Re8 Kh5 47.Re7 Kxh4 
48.Rh7+ Kg5 49.Re7 Qf6 50.Re2 Kh4 51.Re3 Qb2+ 52.Re2 Qc3 53.Rf2 Qg3+ 54.
Kf1 Qd3+ 55.Kg2 b5 56.cxb5 axb5 57.Re2 Qd5+ 58.Kf1 Qd1+ 59.Kg2 Qd3 60.Rf2 
b4 61.Re2 Qd5+ 62.Kf1 g3 63.Re3 Kg4 64.Re2 Qc5 65.Kg2 Qc6+ 66.Kf1 Qh1 67.
Rg2 Kf4 68.Re2 Qh5 69.Kg2 Qd5+ 1/2-1/2

[Event "29. Friedensfest-Open (AFRO-A)"]
[Site "Augsburg"]
[Date "2024.08.08"]
[Round "1.12"]
[White "Litzka, Richard"]
[Black "Schindler, Alexander"]
[Result "1-0"]
[WhiteElo "2119"]
[BlackElo "1956"]
[EventDate "2024.08.08"]
[Time "09:30:00"]
[WhiteNrv "2119"]
[BlackNrv "1956"]
[WhiteTwz "2119"]
[BlackTwz "1956"]
[WhiteFideId "12971731"]
[BlackFideId "16248295"]
[WhiteNatFedId "10261519"]
[BlackNatFedId "10270604"]
[WhiteAttr "M"]
[BlackAttr "M"]
[WhiteTeam "FC Bayern Muenchen e.V."]
[BlackTeam "SF Augsburg"]
[PlyCount "0"]

1.c4 Nf6 2.Nc3 e6 3.e4 d5 4.cxd5 exd5 5.e5 Ne4 6.Nf3 c6 7.Qc2 Nxc3 8.bxc3 
Be7 9.d4 Bg4 10.Bd3 Bh5 11.Rb1 b5 12.Be3 Bg6 13.e6 Bxd3 14.exf7+ Kf8 15.
Qxd3 Nd7 16.Qf5 Bf6 17.Ne5 Nb6 18.Qh3 Bxe5 19.dxe5 Kxf7 20.Qf5+ Ke8 21.
Qe6+ Qe7 22.Qxc6+ Qd7 23.Qxd7+ Kxd7 24.Rxb5 Kc6 25.Rc5+ Kd7 26.Ke2 Ke6 27.
Bd4 Rhc8 28.Rxc8 Rxc8 29.Rb1 Rc6 30.Kd3 g5 31.Rb5 Nc4 32.Rb7 Ra6 33.Rxa7 
Nxe5+ 34.Ke2 Rc6 35.Rxh7 Ra6 36.Rh6+ 1-0

[Event "29. Friedensfest-Open (AFRO-A)"]
[Site "Augsburg"]
[Date "2024.08.08"]
[Round "1.13"]
[White "Iberl, Michael"]
[Black "Schwab, Matthias"]
[Result "1/2-1/2"]
[WhiteElo "1953"]
[BlackElo "2105"]
[EventDate "2024.08.08"]
[Time "09:30:00"]
[WhiteNrv "1953"]
[BlackNrv "2105"]
[WhiteTwz "1953"]
[BlackTwz "2105"]
[WhiteFideId "4644085"]
[BlackFideId "24622397"]
[WhiteNatFedId "10091886"]
[BlackNatFedId "10203034"]
[WhiteAttr "M"]
[BlackAttr "M"]
[WhiteTeam "SF Dachau 1932 e.V."]
[BlackTeam "SC Weisse Dame Ulm e.V."]
[PlyCount "0"]

1.d4 Nf6 2.Bf4 g6 3.Nf3 Bg7 4.e3 O-O 5.Be2 c5 6.Nbd2 d6 7.h3 b6 8.O-O Bb7 
9.c3 Nbd7 10.Qc2 Qc7 11.Bh2 Rac8 12.Rad1 Rfe8 13.Rfe1 Qc6 14.Bf1 b5 15.Qd3
c4 16.Qc2 e5 17.e4 Nh5 18.g4 Nf4 19.Bxf4 exf4 20.Bg2 Re7 21.Qb1 Rce8 22.
Nh4 Qc7 23.Bf3 Nf8 24.Ng2 g5 25.Rc1 Nd7 26.Re2 h6 27.Rce1 Ba8 28.Qc2 Rc8 
29.Ra1 Nb6 30.Rae1 Qd7 31.Rc1 b4 32.Ne1 Qb5 33.Qd1 Na4 34.Nb1 Qa5 35.Kg2 
Rb8 36.cxb4 Qxb4 37.Nc3 Nxc3 38.bxc3 Qa5 39.Rb1 Ree8 40.Rxb8 Rxb8 41.Qa1 
Qa3 42.e5 dxe5 43.dxe5 Qa5 44.Bxa8 Rxa8 45.Nf3 Re8 46.Qe1 Qd5 47.Qd2 Qxd2 
48.Nxd2 Rxe5 49.Rxe5 Bxe5 50.Nxc4 Bxc3 51.Nd6 Bb4 52.Nf5 Kh7 53.Kf3 Bc5 
54.Ke2 Kg6 55.f3 h5 56.Kd3 Kf6 57.Kc4 Bf8 58.Kd5 h4 59.a4 Bb4 60.Nd4 a5 
61.Nc6 Be1 62.Kd6 Bc3 63.Kd5 Bd2 64.Kd6 Be1 65.Kd5 Bc3 66.Kd6 Kg7 67.Ne5 
Bxe5+ 68.Kxe5 f6+ 69.Kf5 Kf7 70.Ke4 Ke6 71.Kd4 f5 72.gxf5+ Kxf5 73.Kd5 Kg6
74.Ke4 Kf6 75.Kd4 Kf5 76.Kd5 Kf6 77.Kd4 Kf5 78.Kd5 Kg6 79.Ke4 Kf6 80.Kd4 
1/2-1/2

[Event "29. Friedensfest-Open (AFRO-A)"]
[Site "Augsburg"]
[Date "2024.08.08"]
[Round "1.14"]
[White "Foerch, Benedikt"]
[Black "Mayer, Arnd"]
[Result "1/2-1/2"]
[WhiteElo "2102"]
[BlackElo "1952"]
[EventDate "2024.08.08"]
[Time "09:30:00"]
[WhiteNrv "2102"]
[BlackNrv "1952"]
[WhiteTwz "2102"]
[BlackTwz "1952"]
[WhiteFideId "16228758"]
[BlackFideId "4644573"]
[WhiteNatFedId "10052041"]
[BlackNatFedId "10138775"]
[WhiteAttr "M"]
[BlackAttr "*"]
[WhiteTeam "SK Neuburg"]
[BlackTeam "SV Jedesheim 1921"]
[PlyCount "0"]

1.Nf3 Nf6 2.g3 g6 3.Bg2 Bg7 4.c4 c5 5.O-O O-O 6.Nc3 d5 7.cxd5 Nxd5 8.d4 
Nxc3 9.bxc3 Nc6 10.e3 Rb8 11.Ba3 cxd4 12.cxd4 Qa5 13.Qc1 Bf5 14.Nh4 Rfc8 
15.Nxf5 Qxf5 16.Qd2 Qd7 17.Rfd1 b6 18.Bf1 b5 19.Rac1 b4 20.Bb2 Qb7 21.Rc5 
e6 22.Bg2 Bf8 23.Rc2 Qb5 24.Rdc1 Ne7 25.Rxc8 Rxc8 26.Rxc8 Nxc8 27.d5 Qc4 
28.Bh3 exd5 29.Bxc8 Qxc8 30.Qd4 f6 31.Qxf6 Qf5 32.Kf1 Qxf6 33.Bxf6 Kf7 34.
Bd8 Ke6 35.Ke2 Kd6 36.Kd3 Bg7 37.g4 Kd7 38.Bh4 a5 39.f4 a4 40.Kc2 Ke6 41.
Be1 1/2-1/2

[Event "29. Friedensfest-Open (AFRO-A)"]
[Site "Augsburg"]
[Date "2024.08.08"]
[Round "1.15"]
[White "Dauer, Maximilian"]
[Black "Duong, Quang Bach"]
[Result "0-1"]
[WhiteElo "1948"]
[BlackElo "2100"]
[EventDate "2024.08.08"]
[Time "09:30:00"]
[WhiteNrv "1948"]
[BlackNrv "2100"]
[WhiteTwz "1948"]
[BlackTwz "2100"]
[WhiteFideId "1270802"]
[BlackFideId "16287045"]
[WhiteNatFedId "10033526"]
[BlackNatFedId "10626174"]
[WhiteAttr "M"]
[BlackAttr "M"]
[WhiteTeam "Spgem Koetz/Ichenhausen"]
[BlackTeam "SF Augsburg"]
[PlyCount "0"]

1.d4 Nf6 2.Bf4 d5 3.e3 e6 4.Nd2 c5 5.c3 Nc6 6.Ngf3 Nh5 7.Bg5 f6 8.Bh4 g6 
9.Be2 cxd4 10.exd4 Bd6 11.O-O Nf4 12.Re1 Nxe2+ 13.Qxe2 O-O 14.Rad1 Bd7 15.
c4 dxc4 16.Nxc4 Bb4 17.Rf1 Ne7 18.a3 Ba5 19.Nfe5 Bb5 20.Qg4 Nf5 21.d5 Nxh4
22.dxe6 Qc7 23.Qxh4 fxe5 24.e7 Rf4 25.Qh3 Qxc4 0-1

[Event "29. Friedensfest-Open (AFRO-A)"]
[Site "Augsburg"]
[Date "2024.08.08"]
[Round "1.16"]
[White "Herb, Stefan"]
[Black "Kuhn, Hubert"]
[Result "1-0"]
[WhiteElo "2085"]
[BlackElo "1946"]
[EventDate "2024.08.08"]
[Time "09:30:00"]
[WhiteNrv "2085"]
[BlackNrv "1946"]
[WhiteTwz "2085"]
[BlackTwz "1946"]
[WhiteFideId "4627903"]
[BlackFideId "16216385"]
[WhiteNatFedId "10080993"]
[BlackNatFedId "10120594"]
[WhiteAttr "M"]
[BlackAttr "M"]
[WhiteTeam "SAbt TSV Haunstetten"]
[BlackTeam "MSA Zugzwang 82 e.V."]
[PlyCount "0"]

1.e4 c5 2.Nf3 Nc6 3.Bb5 Nf6 4.e5 Nd5 5.O-O g6 6.Nc3 Nc7 7.Bc4 Bg7 8.Re1 
O-O 9.h3 b6 10.d3 h6 11.a3 Bb7 12.Nd5 Nxe5 13.Nxe5 Bxd5 14.Bxd5 Nxd5 15.
Qf3 e6 16.a4 Nb4 17.Qd1 d6 18.Ng4 h5 19.Nh2 Nc6 20.c3 d5 21.Nf3 e5 22.Bg5 
Qd6 23.Qc2 Rfe8 24.Rad1 Rac8 25.Bh4 Qe6 26.Re2 Qf5 27.Rde1 f6 28.Bg3 g5 
29.Nd2 c4 30.Re3 g4 31.hxg4 hxg4 32.Nf1 Bh6 33.Qd1 Qg6 34.dxc4 Bxe3 35.
Qxd5+ Kh8 36.Nxe3 f5 37.Bh4 Qe6 38.b4 Qg6 39.Qd7 Qe6 40.Rd1 Qxd7 41.Rxd7 
Rf8 42.Nd5 Rfe8 43.b5 Nb8 44.Rxa7 Re6 45.Nf6 1-0

[Event "29. Friedensfest-Open (AFRO-A)"]
[Site "Augsburg"]
[Date "2024.08.08"]
[Round "1.17"]
[White "Edelmann, Oliver"]
[Black "Lichtenstern, Benjamin"]
[Result "1-0"]
[WhiteElo "1944"]
[BlackElo "2070"]
[EventDate "2024.08.08"]
[Time "09:30:00"]
[WhiteNrv "1944"]
[BlackNrv "2070"]
[WhiteTwz "1944"]
[BlackTwz "2070"]
[WhiteFideId "16272650"]
[BlackFideId "24627020"]
[WhiteNatFedId "10703890"]
[BlackNatFedId "10128465"]
[WhiteAttr "M"]
[BlackAttr "M"]
[WhiteTeam "SK Graefelfing"]
[BlackTeam "FC Bayern Muenchen e.V."]
[PlyCount "0"]

1.d4 d5 2.c4 e6 3.Nc3 Nf6 4.Nf3 a6 5.cxd5 exd5 6.Bg5 Be6 7.e3 Nbd7 8.Bd3 
Bd6 9.O-O h6 10.Bh4 c6 11.Rb1 Qc7 12.Bg3 Bxg3 13.hxg3 O-O 14.b4 Bg4 15.Qc2
b5 16.a4 Bxf3 17.gxf3 Nb6 18.e4 Nc4 19.Qc1 Qb6 20.Ne2 Rfe8 21.e5 Nd7 22.a5
Qa7 23.f4 Nf8 24.f5 Nh7 25.Kg2 f6 26.e6 Ng5 27.Qf4 Qb8 28.Rfe1 Ra7 29.Qxb8
Rxb8 30.Nf4 Re8 31.Be2 Nd6 32.Bh5 Rc8 33.g4 Nge4 34.Rbc1 Nc4 35.Bf7+ Kh7 
36.f3 Ned6 37.e7 Raa8 38.Be6 Rc7 39.Ng6 Re8 40.Nf8+ Kh8 41.Bd7 Kg8 42.Bxe8
Nxe8 43.Ne6 Rxe7 44.Nc5 Kf7 45.Rxe7+ Kxe7 46.Re1+ Kd8 47.Re6 Ned6 48.Nxa6 
Nb7 49.Nc5 Nxc5 50.dxc5 d4 51.Rxc6 d3 52.Kf2 Kd7 53.Rb6 Nb2 54.Ke3 Kc7 55.
a6 d2 56.Kxd2 Nc4+ 57.Kd3 Nxb6 58.cxb6+ Kxb6 59.Kd4 Kxa6 60.Kc5 1-0

[Event "29. Friedensfest-Open (AFRO-A)"]
[Site "Augsburg"]
[Date "2024.08.08"]
[Round "1.18"]
[White "Kaufmann, Thorsten"]
[Black "Hoeller, Armin"]
[Result "1/2-1/2"]
[WhiteElo "2057"]
[BlackElo "1942"]
[EventDate "2024.08.08"]
[Time "09:30:00"]
[WhiteNrv "2057"]
[BlackNrv "1942"]
[WhiteTwz "2057"]
[BlackTwz "1942"]
[WhiteFideId "24647950"]
[BlackFideId "24651923"]
[WhiteNatFedId "10101131"]
[BlackNatFedId "10085787"]
[WhiteAttr "M"]
[BlackAttr "*"]
[WhiteTeam "SK Sontheim/Brenz e.V."]
[BlackTeam "SK Weilheim e.V."]
[PlyCount "0"]

1.e4 e5 2.Nf3 Nc6 3.Bb5 a6 4.Ba4 Nf6 5.O-O Be7 6.Re1 b5 7.Bb3 d6 8.c3 O-O 
9.h3 Nb8 10.d4 Nbd7 11.Be3 Bb7 12.Nbd2 Nxe4 13.Nxe4 Bxe4 14.dxe5 dxe5 15.
Bd5 Bxd5 16.Qxd5 Bd6 17.Rad1 Nf6 18.Qb3 e4 19.Nd4 Qd7 20.Bg5 Rae8 21.Qc2 
Qe7 22.Bxf6 gxf6 23.Nf5 Qe5 24.Nxd6 cxd6 25.Rd4 f5 26.Qd2 Re6 27.Rd5 Qf6 
28.Qf4 Re5 29.Red1 Rd8 30.Qg3+ Kf8 31.Rxe5 dxe5 32.Rxd8+ Qxd8 33.Qxe5 Qd1+
34.Kh2 Qd7 35.Qh8+ Ke7 36.Qxh7 Qd6+ 37.g3 e3 38.Qh4+ f6 39.Qh7+ Ke6 40.
Qg8+ Ke7 41.Qg7+ Ke6 1/2-1/2